| 000 | 00516nam a2200181Ia 4500 | ||
|---|---|---|---|
| 003 | IN-BaIIA | ||
| 008 | 211028s9999 xx 000 0 eng d | ||
| 040 | _cIIA Library | ||
| 080 |
_a53 _bHAL |
||
| 100 | _aHalliday, David | ||
| 245 | 0 |
_aPhysics for students of science and engineering _bpart II _cDavid Halliday and Robert Resnick |
|
| 250 | _a2nd ed. | ||
| 260 |
_aNew York _bJohn Wiley & Sons _c1962 |
||
| 300 | _a[various pagings.] | ||
| 650 |
_aPhysics _973 |
||
| 700 |
_aResnick, Robert _97993 |
||
| 942 | _cBK | ||
| 999 |
_c18751 _d18751 |
||